| 000 | 02507cam a2200553Ii 4500 | ||
|---|---|---|---|
| 001 | ocn879244455 | ||
| 003 | OCoLC | ||
| 005 | 20200320193117.0 | ||
| 008 | 140505s2014 nyua a 000 1 eng d | ||
| 020 | _a9780545795395 (paperback) | ||
| 020 | _a0545795397 (paperback) | ||
| 020 |
_z9781480663534 _qPaw Prints : library binding |
||
| 020 |
_z1480663530 _qPaw Prints : library binding |
||
| 020 | _c12.49 | ||
| 035 | _a(OCoLC)879244455 | ||
| 040 |
_aYDXCP _beng _erda _cYDXCP _dBTCTA _dBDX _dOCLCQ _dOCP _dIEP _dAZT _dJP3 _dJAO _dOCLCA _dIHI _dWACOL |
||
| 049 | _aWACL | ||
| 050 | 1 | 4 |
_aPZ7.H7336 _bEm 2014 |
| 082 | 0 | 4 |
_a[E] _223 |
| 092 |
_aE _bHol |
||
| 100 | 1 |
_aHolmes, Anna _c(Children's author), _eauthor. _95893492 |
|
| 245 | 1 | 0 |
_aEmmet's awesome day / _cwritten by Anna Holmes ; based on the screenplay by Phil Lord & Christopher Miller ; based on the story by Dan Hageman & Kevin Hageman and Phil Lord & Christopher Miller. |
| 264 | 1 |
_aNew York, NY : _bScholastic Inc., _c[2014] |
|
| 264 | 4 | _c©2014 | |
| 300 |
_a32 pages : _bcolor illustrations ; _c23 cm |
||
| 336 | _atext | ||
| 336 | _astill image | ||
| 337 | _aunmediated | ||
| 338 | _avolume | ||
| 500 | _aAt head of title: The LEGO movie. | ||
| 520 | _a"Emmet Brickowski was the most ordinary guy in the whole world. That is, until he found the Piece of Resistance! Now a group of rebels called the Master Builders want Emmet to use the Piece of Resistance to stop Lord Business from gluing the world together. Emmet isn't quite sure he has what it takes. But there's one thing Emmet is sure of: Today is going to be the most awesome day of his entire life."--Page 4 of cover. | ||
| 521 |
_aChildrens _b, Penworthy |
||
| 650 | 0 |
_aLEGO toys _vJuvenile fiction. _95686489 |
|
| 650 | 0 |
_aAdventure stories. _95893493 |
|
| 655 | 0 |
_aFilm novelizations. _95893494 |
|
| 655 | 0 |
_aAdventure stories. _95680139 |
|
| 700 | 1 |
_aLord, Phil, _d1977- _95893495 |
|
| 700 | 1 |
_aMiller, Chris, _d1975- _95893496 |
|
| 700 | 1 |
_aHageman, Dan. _95893497 |
|
| 700 | 1 |
_aHageman, Kevin. _95893498 |
|
| 730 | 0 |
_aLEGO movie (Motion picture) _95885880 |
|
| 938 |
_aYBP Library Services _bYANK _n11802193 |
||
| 938 |
_aBaker and Taylor _bBTCP _nBK0014952742 |
||
| 938 |
_aBrodart _bBROD _n109277384 |
||
| 942 |
_cBOOK _055 |
||
| 948 |
_a12/05/2014 _zSirsi |
||
| 994 |
_a02 _bWACOL |
||
| 996 |
_a114206 _b34301001398132 _cE _dbk _ewcl _fi _g55 _h12.49 _lPenworthy _mHol _p12/09/2014 _q11/30/2019 _r11/08/2019 |
||
| 999 |
_c285246 _d285246 |
||